000
00303nam a22001097a 4500
008
230704b xxu||||| |||| 00| 0 eng d
082
_a
342.03
_b
KIP 2006
245
_a
Report of the Committee of Eminent Persons on the Constitution Review Process
260
_c
2006
300
_a
XIX,137p
942
_2
ddc
_c
BK
999
_c
3612
_d
3612